000 00297nam a22001337a 4500
008 170607b xxu||||| |||| 00| 0 eng d
020 _a9780205642496
041 _aeng
080 _28 ED
_a327
100 _a18
101 _aSHH
245 _aTHE OTHER WORLD
_cWEATHERBY.J.V
942 _2udc
_cBK
999 _c16313
_d16313